| 000 | 01538cam a22003615i 4500 | ||
|---|---|---|---|
| 999 |
_c27892 _d27863 |
||
| 001 | 13202651 | ||
| 003 | EG-ScBUE | ||
| 005 | 20191203122703.0 | ||
| 008 | 000202s2000 enk f b 000 0 eng d | ||
| 020 | _a0571197825 (pbk.) | ||
| 020 | _a9780571197828 | ||
| 035 | _a(UkLWHE)b000050698 | ||
| 040 |
_aDLC _beng _erda _cDLC _dDLC _dEG-ScBUE |
||
| 082 | 0 | 4 |
_a822.914 _bHUN _222 |
| 100 | 1 |
_aHunter, Jim, _d1939 June 24- _eauthor. |
|
| 245 | 1 | 0 |
_aTom Stoppard : _bRosencrantz and Guildenstern are dead, Jumpers, Travesties, Arcadia / _cJim Hunter. |
| 264 | 1 |
_aLondon : _bFaber and Faber Limited, _c2000. |
|
| 300 |
_axii, 240 pages ; _c18 cm. |
||
| 336 |
_atext _btxt _2rdacontent |
||
| 337 |
_aunmediated _bn _2rdamedia |
||
| 338 |
_avolume _bnc _2rdacarrier |
||
| 490 | 0 | _aFaber critical guides | |
| 504 | _aIncludes bibliographical references. | ||
| 520 | _aPresents an introduction to the plays of Tom Stoppard, including an overview of the distinctive features of his major works, an analysis of the language, structure, and characters of his classic plays, and an examination of Stoppard in the context of modern theatre. | ||
| 600 | 1 | 7 |
_aStoppard, Tom _xCriticism and interpretation. _2BUEsh |
| 650 | 7 |
_aRosencrantz and Guildenstern are dead (Stoppard) _2BUEsh |
|
| 650 | 7 |
_aTravesties (Stoppard) _2BUEsh |
|
| 650 | 7 |
_aArcadia (Stoppard) _2BUEsh |
|
| 653 |
_bHHUUEENN _cNovember2019 |
||
| 655 | _vReading book | ||
| 856 | 4 | 2 |
_3Publisher description _uhttp://www.loc.gov/catdir/description/hol042/2003447835.html |
| 942 |
_2ddc _cBB |
||